| 000 | 004990000a22001930004500 | ||
|---|---|---|---|
| 999 |
_c48904 _d48904 |
||
| 001 | 1746 | ||
| 003 | CO-MdFUSB | ||
| 005 | 20170922182321.0 | ||
| 008 | 170914b xxu||||| |||| 00| 0 eng d | ||
| 020 | _a978-0-8297-4939-7 | ||
| 040 | _cCO-MdBIC | ||
| 082 | 0 | 4 | _a868HC V667jm |
| 245 | 1 | 0 | _aJesús, María y Marta / ilustraciones Kelly Pulley ; traducción Kerstin A. |
| 260 | _aMiami : Vida | ||
| 300 | _a[20 P.] | ||
| 500 | _aPara niños de 0 a 4 años | ||
| 650 | 1 | 4 | _aReligión |
| 942 | _cLGB | ||